Les représentations sociales (notice n° 1925498)
[ vue normale ]
| 000 -LEADER | |
|---|---|
| fixed length control field | 00794cam a2200133 4500500 |
| 005 - DATE AND TIME OF LATEST TRANSACTION | |
| control field | 20260329023216.0 |
| 041 ## - LANGUAGE CODE | |
| Language code of text/sound track or separate title | fre |
| 042 ## - AUTHENTICATION CODE | |
| Authentication code | dc |
| 100 10 - MAIN ENTRY--PERSONAL NAME | |
| Personal name | Seca, Jean-Marie |
| Relator term | author |
| 245 00 - TITLE STATEMENT | |
| Title | Les représentations sociales |
| 260 ## - PUBLICATION, DISTRIBUTION, ETC. | |
| Name of publisher, distributor, etc. | Armand Colin,<br/> |
| Date of publication, distribution, etc. | 2010.<br/> |
| 520 ## - SUMMARY, ETC. | |
| Summary, etc. | PREMIÈRE PARTIE : ORIGINES ET SIGNIFICATIONS 1. Enjeux théoriques et sociopolitiques 2.Définitions et champ d’étude DEUXIÈME PARTIE : PHÉNOMÉNOLOGIE 3. Processus, fonctions et organisation 4. Approches des contenus TROISIÈME PARTIE : DYNAMIQUE ET PRAXIS 5. Saisie de la structure : complexité et schèmes 6. Articulations avec les conduites : polyphasie cognitive et changement |
| 856 41 - ELECTRONIC LOCATION AND ACCESS | |
| Uniform Resource Identifier | <a href="https://shs.cairn.info/les-representations-sociales--9782200249168?lang=fr&redirect-ssocas=7080">https://shs.cairn.info/les-representations-sociales--9782200249168?lang=fr&redirect-ssocas=7080</a> |
Pas d'exemplaire disponible.




Réseaux sociaux